000
00258nam a22001217a 4500
008
170718b xxu||||| |||| 00| 0 eng d
041
_a
eng
080
_2
2ND
_a
2
100
_a
24
101
_a
TEO
245
_a
GOOD NEWS BIBLE
_c
NELSON, TH
942
_2
udc
_c
BK
999
_c
21445
_d
21445